000 00689nam a22002177a 4500
005 20130812133209.0
008 110727s2010 ck fr 000 0 spa d
020 _a9789584473219
041 _aspa
044 _ack
082 0 4 _a657.6
_bM516c
100 1 _aMejía Soto, Eutimio
_91409
245 1 0 _aContabilidad ambiental
_bcrítica al modelo de contabilidad financiera
_cEutimio Mejía Soto
260 _aArmenia
_bOptigraf
_c2010
300 _a195 p.
_c23 cm.
504 _aIncluye referencias bibliográficas
650 1 7 _aContabilidad
_xAspectos ambientales
_91410
650 1 7 _aMedio ambiente
_xContabilidad
_91411
650 1 7 _aContabilidad financiera
_91412
942 _2ddc
_cImpreso
999 _c7531
_d7531